What were the Twin Towers? / (Record no. 121574)

MARC details
000 -LEADER
campo de control de longitud fija 02795cam a2200481 i 4500
001 - NÚMERO DE CONTROL
campo de control 19013970
003 - IDENTIFICADOR DE NÚMERO DE CONTROL
campo de control BJBSDDR
005 - FECHA Y HORA DE LA ÚLTIMA TRANSACCIÓN
campo de control 20240911152419.0
007 - CAMPO FIJO DE DESCRIPCIÓN FÍSICA--INFORMACIÓN GENERAL
campo de control de longitud fija ta
008 - DATOS DE LONGITUD FIJA--INFORMACIÓN GENERAL
campo de control de longitud fija 160314s2016 nyua j b 000 0 eng
010 ## - NÚMERO DE CONTROL DE LA BIBLIOTECA DEL CONGRESO
Número de control de LC 2016011720
020 ## - NÚMERO INTERNACIONAL ESTÁNDAR DEL LIBRO
Número Internacional Estándar del Libro 9780448487854
020 ## - NÚMERO INTERNACIONAL ESTÁNDAR DEL LIBRO
Número Internacional Estándar del Libro 0448487853
040 ## - FUENTE DE CATALOGACIÓN
Centro catalogador/agencia de origen DLC
Lengua de catalogación eng
Centro/agencia transcriptor DLC
Normas de descripción rda
Centro/agencia modificador DLC
041 ## - CÓDIGO DE IDIOMA
Código de lengua del texto/banda sonora o título independiente eng
042 ## - CÓDIGO DE AUTENTICACIÓN
Código de autenticación pcc
043 ## - CÓDIGO DE ÁREA GEOGRÁFICA
Código de área geográfica n-us-ny
050 14 - SIGNATURA TOPOGRÁFICA DE LA BIBLIOTECA DEL CONGRESO
Número de clasificación NA 6233
Número de ítem O18w 2016
082 00 - NÚMERO DE LA CLASIFICACIÓN DECIMAL DEWEY
Número de clasificación 725/.23097471
100 1# - ENTRADA PRINCIPAL--NOMBRE DE PERSONA
Nombre de persona O'Connor, Jim
9 (RLIN) 37229
245 10 - MENCIÓN DEL TÍTULO
Título What were the Twin Towers? /
Mención de responsabilidad, etc. by Jim O'Connor ; illustrated by Ted Hammond.
264 #1 - PRODUCCIÓN, PUBLICACIÓN, DISTRIBUCIÓN, FABRICACIÓN Y COPYRIGHT
Producción, publicación, distribución, fabricación y copyright New York :
Nombre del de productor, editor, distribuidor, fabricante Grosset & Dunlap, an imprint of Penguin Random House,
Fecha de producción, publicación, distribución, fabricación o copyright 2016.
300 ## - DESCRIPCIÓN FÍSICA
Extensión 108 pages, 16 unnumbered pages of plates :
Otras características físicas illustrations ;
Dimensiones 21 cm.
336 ## - TIPO DE CONTENIDO
Término de tipo de contenido text
Código de tipo de contenido txt
Fuente rdacontent
337 ## - TIPO DE MEDIO
Nombre/término del tipo de medio unmediated
Código del tipo de medio n
Fuente rdamedia
338 ## - TIPO DE SOPORTE
Nombre/término del tipo de soporte volume
Código del tipo de soporte nc
Fuente rdacarrier
490 1# - MENCIÓN DE SERIE
Mención de serie What was...?
504 ## - NOTA DE BIBLIOGRAFÍA, ETC.
Nota de bibliografía, etc. Includes bibliographical references (page 108).
505 0# - NOTA DE CONTENIDO CON FORMATO
Nota de contenido con formato What were the Twin Towers?--<br/>Money, money, money--<br/>Sky-high towers--<br/>Battle plan--<br/>Up they go<br/>Love 'em or hate 'em!--<br/>Daredevils--<br/>City within a city--<br/>The first attack--<br/>9/11<br/>Why did the towers fall?--<br/>The New World Trade Center--<br/>The museum--<br/>Timelines.
520 ## - RESUMEN, ETC.
Sumario, etc. "Discover the true story of the Twin Towers--how they came to be the tallest buildings in the world and why they were destroyed. When the Twin Towers were built in 1973, they were billed as an architectural wonder. At 1,368 feet, they clocked in as the tallest buildings in the world and changed the New York City skyline dramatically. Offices and corporations moved into the towers--also known as the World Trade Center--and the buildings were seen as the economic hub of the world. But on September 11, 2001, a terrorist attack toppled the towers and changed our nation forever. Discover the whole story of the Twin Towers--from their ambitious construction to their tragic end"--
Fuente proveedora Provided by publisher.
610 20 - PUNTO DE ACCESO ADICIONAL DE MATERIA--NOMBRE DE ENTIDAD CORPORATIVA
Nombre de entidad corporativa o nombre de jurisdicción como elemento de entrada World Trade Center (New York, N.Y. : 1970-2001)
Subdivisión de forma Juvenile literature.
610 24 - PUNTO DE ACCESO ADICIONAL DE MATERIA--NOMBRE DE ENTIDAD CORPORATIVA
Nombre de entidad corporativa o nombre de jurisdicción como elemento de entrada World Trade Center (Nueva York, N.Y. : 1970-2001)
Subdivisión de forma Literatura juvenil
9 (RLIN) 38424
650 #0 - PUNTO DE ACCESO ADICIONAL DE MATERIA--TÉRMINO DE MATERIA
Término de materia o nombre geográfico como elemento de entrada Skyscrapers
Subdivisión geográfica New York (State)
-- New York
Subdivisión de forma Juvenile literature.
650 #4 - PUNTO DE ACCESO ADICIONAL DE MATERIA--TÉRMINO DE MATERIA
Término de materia o nombre geográfico como elemento de entrada Rascacielos
Subdivisión geográfica Nueva York (Estados Unidos)
Subdivisión de forma Literatura juvenil
9 (RLIN) 38425
651 #0 - PUNTO DE ACCESO ADICIONAL DE MATERIA--NOMBRE GEOGRÁFICO
Nombre geográfico New York (N.Y.)
Subdivisión general Buildings, structures, etc.
Subdivisión de forma Juvenile literature.
651 #4 - PUNTO DE ACCESO ADICIONAL DE MATERIA--NOMBRE GEOGRÁFICO
Nombre geográfico Nueva York (Estados Unidos)
Subdivisión general Edificios, estructuras, etc.
Subdivisión de forma Literatura juvenil
9 (RLIN) 38426
700 1# - ENTRADA AGREGADA--NOMBRE PERSONAL
Nombre de persona Hammond, Ted
Término indicativo de función/relación illustrator
9 (RLIN) 37232
830 #0 - PUNTO DE ACCESO ADICIONAL DE SERIE-TÍTULO UNIFORME
Título uniforme What was?
9 (RLIN) 37172
906 ## - ELEMENTOS DE DATOS F LOCAL, LDF (RLIN)
a 7
b cbc
c orignew
d 1
e ecip
f 20
g y-gencatlg
942 ## - ELEMENTOS DE ENTRADA SECUNDARIOS (KOHA)
Fuente del sistema de clasificación o colocación Clasificación de Library of Congress
Tipo de ítem Koha Libro
946 ## - PROCESAMIENTO DE INFORMACIÓN LOCAL (OCLC)
Iniciales del agente catalogador rmza
Holdings
Estatus retirado Estado de pérdida Fuente del sistema de clasificación o colocación Estado de daño No para préstamo Colección Biblioteca de origen Biblioteca actual Ubicación en estantería Fecha de adquisición Signatura topográfica completa Código de barras Visto por última vez Copia número Tipo de ítem Koha
    Clasificación de Library of Congress     Humanidades Biblioteca Juan Bosch Biblioteca Juan Bosch Humanidades (4to. Piso) 16/07/2024 NA 6233 O18w 2016 00000181937 16/07/2024 1 Libro